Sports Quiz

Random Sports or NBA Quiz

NBA Clutch Scoring Leaders (2000-Pres.) Quiz Stats

 Plays Quiz not verified by Sporcle

Challenge
Share
Tweet
Embed
Score 0/143 Timer 09:00
0 Plays Today
% Correct
Kobe Bryant
99.4%
Kobe Bryant
99.4%
Kobe Bryant
99.4%
Kobe Bryant
99.4%
Kobe Bryant
99.4%
Kobe Bryant
99.4%
Kobe Bryant
99.4%
Kobe Bryant
99.4%
Kobe Bryant
99.4%
Kobe Bryant
99.4%
Kobe Bryant
99.4%
Kobe Bryant
99.4%
LeBron James
99%
LeBron James
99%
LeBron James
99%
LeBron James
99%
LeBron James
99%
LeBron James
99%
LeBron James
99%
LeBron James
99%
Mike James
98.8%
Paul Pierce
98.7%
Paul Pierce
98.7%
Paul Pierce
98.7%
Paul Pierce
98.7%
Paul Pierce
98.7%
Paul Pierce
98.7%
Paul Pierce
98.7%
Paul Pierce
98.7%
Kevin Durant
98.3%
Kevin Durant
98.3%
Kevin Durant
98.3%
Kevin Durant
98.3%
Kevin Durant
98.3%
Kevin Durant
98.3%
Dirk Nowitzki
97.1%
Dirk Nowitzki
97.1%
Dirk Nowitzki
97.1%
Dirk Nowitzki
97.1%
Dirk Nowitzki
97.1%
Dirk Nowitzki
97.1%
Chris Paul
96.9%
Chris Paul
96.9%
Chris Paul
96.9%
Kyrie Irving
96.7%
Kyrie Irving
96.7%
Kyrie Irving
96.7%
Russell Westbrook
96.4%
% Correct
Russell Westbrook
96.4%
Dwyane Wade
96.3%
Dwyane Wade
96.3%
Dwyane Wade
96.3%
Dwyane Wade
96.3%
Carmelo Anthony
96.2%
Carmelo Anthony
96.2%
Carmelo Anthony
96.2%
Allen Iverson
96.1%
Allen Iverson
96.1%
David West
96.1%
Allen Iverson
96.1%
Derrick Rose
95.9%
Derrick Rose
95.9%
James Harden
95.8%
James Harden
95.8%
Jalen Rose
95.8%
Jalen Rose
95.8%
Stephen Curry
95.6%
Steve Nash
95.1%
Steve Nash
95.1%
Steve Nash
95.1%
Vince Carter
94.8%
Vince Carter
94.8%
Vince Carter
94.8%
Tony Parker
94.2%
Tony Parker
94.2%
DeMar DeRozan
94.1%
John Wall
93.1%
Ray Allen
92.6%
Ray Allen
92.6%
Ray Allen
92.6%
Tim Duncan
92.4%
Monta Ellis
90.5%
Damian Lillard
90.1%
Jason Kidd
90.1%
Jason Kidd
90.1%
Gilbert Arenas
87.1%
Gilbert Arenas
87.1%
Gilbert Arenas
87.1%
Joe Johnson
86.9%
Joe Johnson
86.9%
Amar'e Stoudemire
85.8%
Kevin Garnett
85.4%
Chauncey Billups
85.3%
Chauncey Billups
85.3%
Chauncey Billups
85.3%
Monta Ellis
82.8%
% Correct
Monta Ellis
82.8%
Michael Redd
82.3%
Michael Redd
82.3%
Michael Redd
82.3%
Michael Redd
82.3%
Yao Ming
82%
Danny Granger
79.8%
Danny Granger
79.8%
Karl Malone
78.4%
Shawn Marion
78.2%
Kemba Walker
76.9%
Antoine Walker
75.9%
Brandon Roy
75.9%
Baron Davis
71.2%
Pau Gasol
68.1%
Brandon Jennings
67.8%
Andre Iguodala
66.9%
Ben Gordon
66.9%
Ben Gordon
66.9%
Ben Gordon
66.9%
Steve Francis
66.8%
Steve Francis
66.8%
Steve Francis
66.8%
Stephon Marbury
64.9%
Stephon Marbury
64.9%
Stephon Marbury
64.9%
Stephon Marbury
64.9%
Michael Jordan
64.6%
Ty Lawson
63.4%
Al Jefferson
62.6%
Jason Terry
61.2%
Paul Millsap
51.8%
Kevin Martin
49.4%
Zach Randolph
48.2%
Zach Randolph
48.2%
Jason Richardson
48%
Sam Cassell
47.7%
Sam Cassell
47.7%
Mehmet Okur
43.1%
Eddie Jones
42.2%
O.J. Mayo
40.6%
Jamal Mashburn
38.2%
Corey Maggette
37.8%
Cuttino Mobley
34.5%
Aaron Brooks
31.9%
Lamar Odom
28.1%
Nick Van Exel
20.1%

You're not logged in!

Compare scores with friends on all Sporcle quizzes.
Join for Free
OR
Log In

You Might Also Like...

Show Comments

Extras

Top Quizzes Today


Score Distribution

Your Account Isn't Verified!

In order to create a playlist on Sporcle, you need to verify the email address you used during registration. Go to your Sporcle Settings to finish the process.

Report this User

Report this user for behavior that violates our Community Guidelines.

Details: